Statistics for U.S. States With a Unique First Letter

Click here to take the quiz!

General Stats

  • This quiz has been taken 15 times
  • The average score is 7 of 8

Answer Stats

Answer% Correct
Georgia
100%
Hawaii
100%
Florida
93%
Rhode Island
86%
Utah
86%
Delaware
79%
Pennsylvania
79%
Louisiana
71%

Score Distribution

Percentile by Number Answered

Percent of People with Each Score

Your Score History

You have not taken this quiz